Κατάλογος Βιβλιοθηκών Mediterranean College

Τεχνολογία Υλικών / Δομή και Ιδιότητες - Μέταλλα - Κράματα - Πλαστικά - Μονωτικά - Γυαλί - Αδρανή Υλικά - Κεραμεικά - Ξύλο - Ασφαλτικά Υλικά (Record no. 2351)

MARC details
000 -LEADER
fixed length control field 01520cam a22002054a 4500
005 - ΗΜΕΡΟΜΗΝΙΑ ΚΑΙ ΩΡΑ ΤΕΛΕΥΤΑΙΑΣ ΕΝΗΜΕΡΩΣΗΣ
Πεδίο ελέγχου 20250605164038.0
008 - FIXED-LENGTH DATA ELEMENTS--GENERAL INFORMATION
Πεδίο ελέγχου σταθερού μήκους 250528s ||||||||||||||||||||||||d
035 ## - SYSTEM CONTROL NUMBER
System control number 16901
020 ## - ISBN
ISBN 9604053574
040 ## - ΠΗΓΗ ΚΑΤΑΛΟΓΟΓΡΑΦΗΣΗΣ
Φορέας πρωτότυπης καταλογογράφησης MC Athens Campus Library
Γλώσσα καταλογογράφησης Ελληνικά, Μοντέρνα (1453-)
Modifying agency MC Athens Campus Library
Κανόνες περιγραφικής καταλογογράφησης AACR2
245 1# - ΤΙΤΛΟΣ ΚΑΙ ΔΗΛΩΣΗ ΥΠΕΥΘΥΝΟΤΗΤΑΣ
Τίτλος Τεχνολογία Υλικών / Δομή και Ιδιότητες - Μέταλλα - Κράματα - Πλαστικά - Μονωτικά - Γυαλί - Αδρανή Υλικά - Κεραμεικά - Ξύλο - Ασφαλτικά Υλικά
260 ## - PUBLICATION, DISTRIBUTION, ETC.
Name of publisher, distributor, etc. Ίων,
Date of publication, distribution, etc. 1992
300 ## - PHYSICAL DESCRIPTION
Extent 366
520 ## - SUMMARY, ETC.
Summary, etc. Πρόλογος, Ορισμοί, Μηχανικές Ιδιότητες, Ηλεκτρικές και Μαγνητικές Ιδιότητες, Θερμικές Ιδιότητες, Δομή Ατόμου και Μορίων και Κρυστάλλων, Δομή των Στερεών, Πολυμερή, Χημική Κινητική και Χημική Ισορροπία, Διαγράμματα Φάσεων, Ηλεκτροχημικές Ιδιότητες, Εφαρμογές των Υλικών, Εφαρμογές Πλαστικών, Μονωτικά Ήχου - Θερμότητας, Επιχρώσεις, Υλικά Υγεία και Ασφάλεια, Μονωτικά Υλικά Ηλεκτρολογίας, Γυαλί, Αδρανή Υλικά, Κεραμεικά, Το Ξύλο, Ασφαλτικά Υλικά.
700 1# - ΠΡΟΣΘΕΤΗ ΑΝΑΓΡΑΦΗ--ΦΥΣΙΚΟ ΠΡΟΣΩΠΟ
Personal name Καλκανής Γ
9 (RLIN) 2992
700 1# - ΠΡΟΣΘΕΤΗ ΑΝΑΓΡΑΦΗ--ΦΥΣΙΚΟ ΠΡΟΣΩΠΟ
Personal name Χατηρής Ι
9 (RLIN) 2993
942 ## - ADDED ENTRY ELEMENTS (KOHA)
Koha item type Books
Holdings
Τύπος τεκμηρίου Βιβλιοθήκη Τρέχουσα τοποθεσία Barcode Αριθμός εισαγωγής Ημερομηνία απόκτησης Ταξιθετικό σύμβολο Αριθμός αντιτύπου Κατάσταση απόσυρσης Κατάσταση χαμένου Κατάσταση κατεστραμμένου Μη δανεισμός Σύνολο δανεισμών Ημερομηνία τελευταίας εμφάνισης Η τιμή ισχύει από
Books MC Athens Campus Library MC Athens Campus Library 9780000023506 5557 05/06/2025 620.11 KAL 1           05/06/2025 05/06/2025

MC Athens Campus Library
Πατησίων 94 & Κοδριγκτώνος 13, 104 34
Πελλήνης 8 & Πατησίων 107, 112 51
Τ: +30 210 8899600

MC Thessaloniki Campus Library
Ίωνος Δραγούμη 21, 54625 | Ίωνος Δραγούμη 15, 54625
Τ: +30 2310 287779 – Τ: +30 2314 440300